| 000 | 00386nam a22001337a 4500 | ||
|---|---|---|---|
| 082 |
_a947.0842 _bSMI _cL-30, P-91 |
||
| 100 |
_aSmith, Walter Bedell _949112 |
||
| 245 |
_aMoscow mission 1946-1949 _cSmith, Walter Bedell |
||
| 260 |
_aMelbourne _bWilliam heinemann limited _c1950 |
||
| 300 | _a337.p: | ||
| 526 |
_a0 _b0 _c0 _d947_084200000000000_SMI |
||
| 650 |
_aMCE _9379 |
||
| 942 |
_2ddc _cBK |
||
| 999 |
_c551943 _d551943 |
||